Análisis de circuitos transistorizados

Bibliographische Detailangaben
Weitere Verfasser: Gronner, Alfred D., Mehra, Raj (HerausgeberIn)
Format: Paket
Sprache:Spanish
Schriftenreihe:Teoría y Problemas con Solución
Schlagworte:

MARC

LEADER 00000nac a2200000 a 4500
003 Ucuenca
005 20230308225436.0
008 000000|1974 ck |||||r|||||||||||spa||
040 |b spa 
041 1 |a spa 
082 0 |a 621.38 
245 |a Análisis de circuitos transistorizados  |c Alfred D. Gronner, Raj Mehra, editor, Carlos A. Holzmann  |h imp 
264 |a Bogotá  |b Fondo Educativo Interamericano  |c 1974 
300 |a 242 páginas:  |b ilu  |c 28 cm 
490 |a Teoría y Problemas con Solución  |n no. 2578 
504 |a incl. ref. 
505 0 |a F´sica de los semiconductores y dispositivos--- Análisis de circuitos transistorizados--- Circuitos equivalentes para señales pequeñas-- Circuitos de polarización y estabilidad-- Amplificadores de una etapa--- Amplificadores con múltiples etapas--- Amplificadores de potencia-- Realimentación--- Características de transistores 
650 1 0 |a Circuito electrónico  |9 34061 
650 1 |a Transistores  |9 35145 
650 1 0 |a Sistemas de comunicación  |9 35286 
700 1 |9 211889  |a Gronner, Alfred D. 
700 1 |9 211890  |a Mehra, Raj  |e editor 
852 |a UC-CDJBV  |f Compra  |l 1  |m General  |p 00000000  |r 2  |t 73273  |b 0  |d CDRC  |e CDRC  |g 621.31 ESTANTERIA CERRADA  |z 0000-00-00 
942 |c CR  |z lourdes.naula@ucuenca.edu.ec 
999 |c 152670  |d 152670